Greek vases in the Frits Lugt collection in Paris /

محفوظ في:

المؤلف الرئيسي: Mannack, Thomas (مؤلف)

مؤلفون آخرون: Wagner, Claudia, D. Phil.

التنسيق: كتاب

اللغة: English

منشور في: Paris : Foundation Custodia, 2010.

الموضوعات:

الوسوم: إضافة وسم

لا توجد وسوم, كن أول من يضع وسما على هذه التسجيلة!

رقم الطلب: DT59 .P27 L86 2010

LEADER 00901namaa2200241 4500
001 23152
003 OSt
005 20220126130419.0
008 130303s2010 fr af g 000 0 eng d
952 |0 0  |1 0  |2 lcc  |4 0  |6 DT0059 P27 L86 02010  |7 1  |9 32653  |a ARCE  |b ARCE  |d 2022-01-26  |l 0  |o DT59 .P27 L86 2010  |p 1014558  |r 2022-01-26 00:00:00  |w 2022-01-26  |y BK 
999 |c 20351  |d 20351 
020 |a 9789078655091 
040 |c ARCE Library 
050 4 |a DT59 .P27 L86 2010 
100 1 |a Mannack, Thomas,  |e author  |9 35314 
245 1 0 |a Greek vases in the Frits Lugt collection in Paris /   |c Thomas Mannack & Claudia Wagner. 
264 1 |a Paris :   |b Foundation Custodia,   |c 2010. 
300 |a 50 pages, [44] pages of plates :   |b color illustrations ;   |c 26 cm. 
600 1 0 |a Lugt, Frits,   |d 1884-1970   |x Art collections   |v Catalogs. 
650 0 |a Vases, Greek. 
700 1 |a Wagner, Claudia,  |c D. Phil. 
901 |a reviewed 
942 |c BK  |2 lcc